[Event "Lindores Abbey Tal Mem"]
[Site "Riga LAT"]
[Date "2021.11.08"]
[Round "11.16"]
[White "Henriquez Villagra, C."]
[Black "Sarana, A."]
[Result "1-0"]
[WhiteElo "2608"]
[BlackElo "2656"]
[PlyCount "86"]
[EventDate "2021.11.08"]
[SourceVersionDate "2018.05.14"]

1. d4 Nf6 2. Bg5 Ne4 3. Bf4 d5 4. e3 c5 5. c3 Nc6 6. Nd2 Nxd2 7. Qxd2 Bf5 8.
Nf3 e6 9. Ne5 Be7 10. Bb5 Qb6 11. Bxc6+ bxc6 12. g4 Bg6 13. h4 f6 14. Nxg6 hxg6
15. Qc2 g5 16. Bg3 cxd4 17. exd4 Kd7 18. h5 c5 19. dxc5 Qxc5 20. O-O-O a5 21.
Rhe1 Rhc8 22. Re2 a4 23. Rde1 Ra6 24. a3 Qc4 25. Re3 Qa2 26. Rxe6 Rxe6 27. Rxe6
Qa1+ 28. Kd2 Kxe6 29. Qf5+ Kf7 30. Qxc8 Qxb2+ 31. Kd3 Qb1+ 32. Kd2 Qa2+ 33. Kd3
Bxa3 34. Qd7+ Be7 35. Bd6 Qb1+ 36. Kd2 Qb2+ 37. Kd3 Qb1+ 38. Kd2 Qe4 39. Bxe7
Qxe7 40. Qxd5+ Ke8 41. Qg8+ Kd7 42. Qc4 Qd6+ 43. Kc2 Qf4 1-0

[Event "Mexican op 54th"]
[Site "Aguascalientes"]
[Date "2008.03.19"]
[Round "2"]
[White "Hernandez Guerrero, Gilberto Eduardo"]
[Black "Hernandez Guerrero, Gilberto Eduardo"]
[Result "1-0"]
[WhiteElo "2548"]
[BlackElo "2548"]
[PlyCount "53"]
[EventDate "2008.03.18"]
[EventType "swiss"]
[EventRounds "9"]
[EventCountry "MEX"]
[SourceTitle "CBM 123 Extra"]
[Source "ChessBase"]
[SourceDate "2008.05.06"]
[SourceVersion "1"]
[SourceVersionDate "2008.05.06"]
[SourceQuality "1"]

1. d4 Nf6 2. Bg5 e6 3. Nf3 h6 4. Bh4 c5 5. e3 Be7 6. Bd3 Nc6 7. c3 Qb6 8. Qc2
d5 9. Nbd2 Bd7 10. Rd1 Rc8 11. Qb1 Nh5 12. O-O g5 13. Bg3 Nxg3 14. hxg3 f5 15.
c4 g4 16. cxd5 exd5 17. dxc5 Qc7 18. Bxf5 gxf3 19. Nxf3 O-O 20. Bxd7 Qxd7 21.
Qg6+ Kh8 22. Qxh6+ Kg8 23. Qg6+ Kh8 24. Qh5+ Kg7 25. Rxd5 Qe6 26. Nh4 Rh8 27.
Qf5 1-0

[Event "Donner Memorial"]
[Site "Amsterdam"]
[Date "1996.08.24"]
[Round "7"]
[White "Hodgson, Julian M"]
[Black "Granda Zuniga, Julio E"]
[Result "1-0"]
[WhiteElo "2550"]
[BlackElo "2610"]
[Annotator "Stohl,I"]
[PlyCount "67"]
[EventDate "1996.08.17"]
[EventType "tourn"]
[EventRounds "11"]
[EventCountry "NED"]
[EventCategory "16"]
[SourceTitle "CBM 055"]
[Source "ChessBase"]
[SourceDate "1996.12.01"]
[SourceVersion "1"]
[SourceVersionDate "1996.12.01"]
[SourceQuality "1"]

1. d4 {Petursson Psakhis Ftacnik} Nf6 2. Bg5 e6 3. e4 h6 4. Bxf6 Qxf6 5. Nc3
Bb4 6. Qd2 d6 (6... c5 7. a3 Ba5 $5 (7... Bxc3 8. bxc3 d6 9. f4 $5 (9. Nf3 O-O
10. Be2 Nc6 11. O-O e5 12. dxc5 dxc5 13. Qe3 b6 14. Bc4 Bg4 $132 {1/2/Hodgson,
Ju-De Firmian,N/Amsterdam Donner mem/1996/ Hodgson,Ju-De Firmian,N/Amsterdam/
1996/}) 9... O-O 10. Nf3 Nc6 11. Bb5 Na5 12. Bd3 b6 13. O-O Bb7 14. Rae1 Rac8
15. e5 Qe7 16. f5 dxe5 17. Nxe5 cxd4 18. f6 Qc5 19. Qf4 dxc3+ 20. Rf2 $40 {
Hodgson,JM-Yudasin,L/New York PCA-op/1994/}) 8. b4 cxd4 9. Nb5 Bb6 10. Nd6+ Ke7
11. Nf3 Nc6 12. Nc4 Bc7 13. b5 Bf4 14. Qd1 Ne5 15. Nxd4 Rd8 16. c3 d5 17. exd5
Rxd5 18. g3 Nxc4 19. Bxc4 Rc5 20. Qd3 e5 21. Ne2 Bf5 22. Qf3 Rd8 23. gxf4 Rxc4
24. Qe3 Re4 25. Qc5+ Ke8 26. h3 exf4 27. Kf1 Re5 28. Qb4 Bd3 {0-1/Schneider,
S-Kogan,A/Copenhagen PC/1996/}) (6... e5 $5 7. dxe5 Qxe5 8. Nge2 d6 9. a3 Ba5
10. f4 Qf6 11. O-O-O Nc6 12. h3 Be6 13. Qd3 O-O 14. Nd5 Bxd5 15. Qxd5 Rfe8 16.
g3 Re7 17. Bg2 Rae8 18. Nd4 Nxd4 19. Qxd4 Qxd4 20. Rxd4 b5 21. c3 Bb6 22. Rd3
g5 23. Rf1 Kg7 24. Rd5 gxf4 25. gxf4 a6 $10 {Moran,A-Berend,F/Erevan olm/1996/}
) 7. a3 (7. O-O-O Nd7 8. Kb1 O-O 9. f4 e5 10. Nge2 exd4 11. Qxd4 Qxd4 12. Nxd4
Bxc3 13. bxc3 a6 14. Bd3 Nc5 15. Kc1 Re8 16. Rde1 b5 17. Re3 Na4 18. Be2 c5 19.
Nb3 Bb7 20. Bf3 f5 $17 {Hennig,D-Bischoff,K/BL 9394/1994/ Hennig,D-Bischoff,K/
BL 9394/1994/0-1 (64)}) 7... Ba5 (7... Bxc3 8. Qxc3 (8. bxc3 {Ftacnik} e5 9.
Bb5+ c6 10. Bc4 O-O 11. Ne2 Re8 12. f3 Nd7 13. O-O Nf8 14. f4 exd4 15. e5 Qe7
16. cxd4 dxe5 17. fxe5 Be6 18. Bd3 c5 19. c3 Red8 20. Qe3 {1/2-1/2 Zlochevskij,
A-Iotti,P/Montecatini Terme op/1995/ (41)}) 8... O-O (8... Nc6 9. Nf3 O-O 10.
Bd3 Qe7 11. e5 f6 12. exd6 cxd6 13. O-O f5 14. Rae1 {Gelfand,B-Rozentalis,E(4)/
Tilburg/1992/1:0/68/} Qf6 15. b4 a6 16. a4 Rd8 17. b5 axb5 18. axb5 Ne7 19. Ra1
Nd5 20. Qb3 {Gelfand,B-Rozentalis,E (04)/Tilburg2.22 (30')/1992/1-0 (68)} Bd7
21. Rfe1 Kh8 22. Rxa8 Rxa8 23. c4 Nf4 24. c5 dxc5 25. Ne5 Be8 26. dxc5 $16 {
Gelfand,B-Rozentalis,E/Tilburg (30')/1992/}) 9. e5 Qe7 10. Nf3 b6 11. Be2 Bb7
12. O-O-O Rc8 13. Kb1 Nd7 14. h4 c5 15. exd6 Qxd6 16. dxc5 Qe7 17. c6 Bxc6 18.
Ba6 Bb7 19. Qd4 Bxa6 20. Qxd7 Qc5 21. Rd2 Rc7 22. Qd4 Bb7 23. Rh3 Qxd4 24. Rxd4
Rac8 25. Ne1 Kf8 26. Rhd3 Ke7 27. g3 g5 $15 {Fernandes,An-Spasov,V/Erevan olm/
1996/}) 8. f4 g5 $5 $146 {N/} (8... O-O 9. Nf3 c5 10. b4 cxd4 11. Nb5 Bb6 12.
Nxd6 Nc6 13. e5 Qe7 14. Bd3 Bd7 15. O-O {Hodgson,J-Enders,P/BL/1994/1:0/42/}
Rab8 16. Qe1 a6 17. Qe4 f5 18. exf6 gxf6 19. Nc4 Ba7 20. f5 b5 21. fxe6 f5 22.
Qd5 Qxe6 23. Qxe6+ Bxe6 24. Nce5 $14 {Hodgson,JM-Enders,P/BL 9495/1994/ 1-0
Hodgson,J-Enders,P/BL 9495/1995/ (42)}) 9. Nh3 (9. fxg5 hxg5 (9... Qxg5 $10 {
Psakhis}) 10. Bd3 Nc6 11. Nge2 Bb6 $15 {[%csl Rd4,Re4] ה}) 9... gxf4 (9... g4
10. Nf2 h5 11. e5 $36 {[%cal Yf2e4] /\Nfe4}) 10. Nxf4 {Although opening the
position is advantageous to the side with 2 B, Black must be very careful due
to White's lead in development and tactical chances. Hodgson makes the most of
these further on.} c6 (10... Nc6 $5 11. Bb5 (11. O-O-O $6 Nxd4 $1 12. Nh5 (12.
b4 Bb6 13. Nfd5 exd5 14. Nxd5 Qg5 15. Nxb6 axb6 16. Qxg5 hxg5 17. Rxd4 Rxa3 $17
) 12... Qg5 13. Qxg5 hxg5 14. Nf6+ Ke7 15. Nfd5+ exd5 16. Nxd5+ Kd8 17. Rxd4
Be6 $15) (11. b4 Bb6 $15) 11... Bd7 12. Nfe2 O-O-O $13) (10... c5 11. b4 $1
cxd4 (11... cxb4 12. Nb5 $14) 12. Nb5 $36) (10... e5 11. Nfd5 $40) 11. Bc4 (11.
Be2 $5 {[%cal Re2h5,Rh5f7,Rf1f7] Psakhis}) 11... d5 $1 (11... e5 12. O-O $5 (
12. dxe5 {Ftacnik} dxe5 13. Nd3 (13. O-O exf4 14. Rxf4 $13)) 12... exd4 (12...
exf4 13. Rxf4 $44) 13. Ncd5 $5 $36 (13. Ng6 $5 $13)) (11... Qg5 $5 $132) 12. e5
$5 (12. exd5 cxd5 13. Bb5+ Nc6 14. O-O $13) 12... Qg5 13. Be2 c5 14. b4 $5 $8 (
14. O-O-O cxd4 15. Qxd4 Bxc3 16. bxc3 Nc6 17. Bb5 Bd7 $17) 14... cxd4 (14...
cxb4 15. Nb5 Nc6 16. axb4 Bxb4 17. c3 $18) 15. Nb5 (15. bxa5 dxc3 16. Qxc3 Nc6
$17) 15... Bb6 16. Nd6+ Ke7 17. Nxf7 $5 {An enterprising sacrifice. Black's K
is weak, while his pieces are still undeveloped and he has to parry heavy
threats. Such a situation is always very difficult to handle in practice (e.g.
see also Hodgson-M.Tseitlin, Ischia 1996)} (17. Rf1 Rf8 $15 (17... Qxe5 $2 18.
Nxf7 $1 $18) (17... Qh4+ {Ftacnik} 18. g3 Qxh2 19. Nh5 f5 $1)) (17. O-O {
Petursson} d3+ 18. Kh1 dxe2 19. Qxe2 f5 20. c4 {This sacrificelooks less
promising}) 17... Kxf7 18. Bh5+ Kg8 $6 (18... Ke7 $2 19. Ng6+ $16 (19. Ng6+ {
Ftacnik} Kd7 20. Qxg5 hxg5 21. Nxh8 $18)) (18... Kg7 $142 $5 19. O-O Rf8 (19...
d3+ 20. Kh1 Bd4 21. Rae1 Bxe5 22. Rxe5 $1 Qxe5 23. Qxd3 Qg5 (23... Rd8 24. Qg6+
Kh8 25. Qxh6+ Kg8 26. Nxd5 $1 $18) (23... Qf5 24. Qg3+ $1 Qg5 25. Qc3+ {
-23...Qg5}) 24. Qc3+ Kh7 (24... e5 25. Qc7+ Nd7 26. Ne6+ Kh7 27. Rf7+ $18) 25.
Bg6+ Qxg6 26. Nxg6 $18) 20. Rf3 Rxf4 $5 (20... d3+ {Psakhis} 21. Kh1 Rxf4 22.
Rxf4 (22. Qxf4 Qxf4 23. Rxf4 dxc2 24. Rc1 Nc6 25. Rf7+ Kg8 26. Rxc2 Nxe5 27.
Re7 Bd7) (22. Rg3 Rf5 (22... Qxg3 23. hxg3 Rf5 24. g4) 23. Qxd3 Nc6 $17) 22...
Qxh5 23. Qxd3 Nd7 24. Qg3+ Kh7 25. Raf1 Nxe5 26. Rh4 $40) 21. Rg3 Qxg3 22. hxg3
Rf5 (22... Rf8 {Petursson} 23. Qd3 $44) 23. g4 $44) 19. O-O $32 Rh7 (19... Nc6
{Psakhis} 20. Rf3 d3+ 21. Kh1) 20. Rf3 {Via the 3-rd rank the R gets into the
attack, in the end it will decide the game.} Rg7 (20... Qd8 21. Raf1 {[%cal
Rf4g6] /\Ng6->} (21. Raf1 {Ftacnik} Rg7 22. Ng6 $18)) 21. Raf1 {All the White
pieces participate in the attack} Nd7 (21... Qxe5 22. Ng6 Qxh5 23. Rf8+ Kh7 24.
Rh8+ Kxg6 25. Qd3+ Qf5 (25... Kg5 26. Qg3+ Qg4 27. Qe5+ Kg6 (27... Qf5 {Ftacnik
} 28. Rxf5+ $18 (28. Rxf5+ {Psakhis} exf5 29. Qxg7+)) (27... Kh4 28. Rxh6+ $18)
28. Rf6#) 26. Rxf5 exf5 27. Rxc8 $16) (21... Nc6 {Psakhis} 22. Rg3 (22. Nxd5 $2
exd5 23. Rf8+ Kh7 24. Qd3+ Bf5 $1 $19) (22. Ng6 $5 d3+ 23. Kh1 Kh7 (23... Qxd2
$4 24. Rf8+ Kh7 25. Rh8#) 24. Qxd3 $16) 22... d3+ 23. Kh1 Qf5 24. Bg6 Qf8 (
24... Qxe5 25. Nh5) 25. Qxd3 Nxe5 {-Game}) 22. Rg3 d3+ (22... Qxe5 23. Rxg7+ $5
(23. Bf7+ Kxf7 24. Nd3+ Qf5 (24... Qf6 {Ftacnik} 25. Rxf6+ Nxf6 26. Ne5+ Kg8
27. Qxh6 Rxg3 28. hxg3 d3+ 29. Kf1 Ne8 30. cxd3 $40) 25. Rxf5+ exf5 26. Rf3 Nf6
$13) 23... Qxg7 24. Nxe6 $40) 23. Kh1 Qf5 (23... Qxe5 24. Rxg7+ (24. Bf7+ Kxf7
(24... Kh8 25. Nxe6 $1 $18) (24... Kh7 25. Rxg7+ Qxg7 26. Nxe6 Qg4 27. Qxd3+
Kh8 28. Rf4 $1 $18) 25. Nxd3+ (25. Nxe6+ Kxe6 26. Qxh6+ Nf6 27. Rxg7 dxc2)
25... Qf5 (25... Qf6 {Ftacnik} 26. Rxf6+ Nxf6 27. Ne5+ Kg8 28. Qf4 Bd8 29.
Rxg7+ Kxg7 30. Qg3+ Kf8 31. Qg6 $18) (25... Kg8 26. Nxe5 Rxg3 27. hxg3 Nxe5 28.
Qxh6 $18) 26. Rxf5+ exf5 $132) 24... Kxg7 (24... Qxg7 25. Nxe6 Qh7 26. cxd3 $40
(26. Qf4 {Psakhis} Kh8 (26... dxc2 27. Qf8+ $1) 27. Qh4 Qg8 (27... dxc2 28.
Rf8+ $1 Nxf8 29. Qf6+) 28. Bf7 Qh7 29. Qe7 $18)) 25. Re1 $40 (25. Qxd3 Nf8 (
25... Kg8 26. Nxe6 $1 Qxe6 27. Qg3+ Kh8 28. Bf7 $18) 26. Ng6 Qxh5 27. Nxf8 Qf5
28. Rxf5 exf5 29. Qxd5 Kxf8 $13)) 24. Bg6 Qf8 $6 (24... Qxe5 $142 25. Bf7+ {
-23...Qe5} (25. Bf7+ {Petursson} Kxf7 26. Nxd3+ Qf6 27. Rxf6+ Nxf6 28. Ne5+ Kg8
29. Qf4 Bd8 30. Rxg7+ Kxg7 31. Qg3+ Kf8 32. Qg6 Ke7 33. Qg7+ Kd6 34. Nf7+ $18))
25. Qxd3 Nxe5 (25... Qe7 {Psakhis} 26. Bh7+ Kh8 27. Ng6+ Rxg6 28. Qxg6 $18) (
25... Kh8 {Psakhis} 26. Nxe6 Qg8 27. Nxg7 Nxe5 (27... Qxg7 28. Bf7 Nxe5 29.
Rxg7 Nxd3 30. Rg8+ Kh7 31. cxd3) 28. Qd2 Qxg7 29. Bh5 Bg4 30. h3 Nc4 31. Qe1
Ne3 32. Rf7 $18) 26. Bh7+ $1 Kh8 (26... Kf7 27. Ng6+ $18) 27. Ng6+ Nxg6 (27...
Rxg6 28. Rxf8+ Kxh7 29. Qe2 (29. Qc3 $5 d4 30. Qe1 (30. Qe1 {Ftacnik} Bc7 31.
Rxg6 Kxg6 (31... Nxg6 32. Rf7+ Kg8 33. Rxc7 $18) 32. Qg3+ Kh5 33. Rg8 $18))
29... Rxg3 30. hxg3 Bc7 31. Qh5 $16) 28. Bxg6 $1 (28. Rxf8+ $2 Nxf8 29. Rxg7
Kxg7 $17) 28... Qg8 (28... Qe7 29. Qd2 Kg8 (29... Rh7 30. Bxh7 (30. Rf7 Rxf7
31. Qxh6+ Rh7 32. Bxh7 $18) 30... Kxh7 31. Qd3+) 30. Qxh6 Bd7 31. Bf7+ $18) 29.
Rf6 $18 Bd8 (29... Qd8 30. Qf3 Bd7 31. Be8 $1 Rxg3 (31... Qxe8 32. Rxh6+ Kg8
33. Rxg7+ Kxg7 34. Qf6+) 32. Rxh6+ Kg7 33. Qxg3+ Kf8 34. Qf4+ Kxe8 35. Rh8+ Ke7
36. Rh7+ Ke8 37. Qf7#) (29... Bc7 30. Qe3 $1 Bxg3 31. Qxh6+ Rh7 32. Bxh7 $18 (
32. Bxh7 Qg7 33. Rf8+ Qxf8 34. Qxf8+ Kxh7 35. hxg3 $18)) 30. Qe3 $1 Bxf6 (30...
Rh7 31. Bxh7 Bxf6 32. Bxg8 $18) 31. Qxh6+ Rh7 32. Bxh7 {[%csl Ra8,Rc8] The
concentration of White's remaining pieces is decisive, Ra8+Bc8 remain static.}
Bg7 $8 (32... Qxh7 33. Qf8+ $18 (33. Qxf6+ {Ftacnik})) (32... Qd8 33. Bg6+ Kg8
34. Qh7+ $18) (32... Qxg3 {Ftacnik} 33. Bg6+ Kg8 34. Qh7+ Kf8 35. Qf7#) 33. Qh5
$1 Qf8 (33... Qxh7 34. Qe8+ $18 (34. Qe8+ {Ftacnik} Qg8 35. Rh3+ Bh6 36. Rxh6+
Kg7 37. Rg6+ Kh7 38. Qxg8#)) 34. Bd3+ (34. Bd3+ Bh6 (34... Kg8 35. Qh7+ Kf7 36.
Rf3+ Ke7 37. Rxf8 Kxf8 38. h4 $18) 35. Rg6 $18) 1-0

[Event "Vikings GM 1st"]
[Site "York"]
[Date "1999.12.18"]
[Round "6"]
[White "Hodgson, Julian M"]
[Black "Sutovsky, Emil"]
[Result "1-0"]
[WhiteElo "2605"]
[BlackElo "2587"]
[Annotator "Alterman,B"]
[PlyCount "99"]
[EventDate "1999.12.13"]
[EventType "tourn"]
[EventRounds "10"]
[EventCountry "ENG"]
[EventCategory "12"]
[SourceTitle "CBM 075"]
[Source "ChessBase"]
[SourceDate "2000.04.05"]
[SourceVersion "1"]
[SourceVersionDate "2000.04.05"]
[SourceQuality "1"]

1. d4 Nf6 2. Bg5 Ne4 3. Bf4 c5 4. f3 Qa5+ 5. c3 Nf6 6. Nd2 cxd4 7. Nb3 Qb6 8.
Qxd4 Nc6 9. Qxb6 axb6 10. Nd4 e5 (10... Ra5 11. Nb3 (11. e4 e5 12. Nxc6 dxc6
13. Be3 Be6 14. a3 Nd7 15. Ne2 b5 16. Nc1 b4 17. cxb4 Bxb4+ 18. Kf2 O-O 19. Nd3
Be7 20. Be2 f5 21. exf5 Bxf5 22. b4 Raa8 23. Rhc1 e4 24. Nc5 exf3 25. Nxd7 Bxd7
{Dishman,S-Tebb,D/Birmingham ENG 2000/ /1/2-1/2 (86)}) 11... Ra8 12. Nd4 Ra5
13. b4 Ra4 14. Nb5 g6 15. e4 Bg7 16. Nc7+ Kf8 17. Bb5 Ra3 18. Ne2 Nh5 19. Bc1
Rxc3 20. Bb2 Rc2 21. Bxg7+ Kxg7 22. Nd5 e6 23. Ne3 Rb2 24. a3 d5 25. Nd1 {
Torre,E-Svidler,P/Bad Homburg 1998/CBM 66/1/2-1/2 (60)}) 11. Nxc6 exf4 12. Nd4
Bc5 13. Nh3 $146 (13. g3 Nd5 14. gxf4 ({RR} 14. Nh3 Ne3 15. Kd2 Nxf1+ 16. Rhxf1
fxg3 17. hxg3 Bxd4 18. cxd4 d6 19. Nf2 Be6 20. a3 Rc8 21. Rac1 {Gunter,
D-Simons,M/GBR 1998/EXT 99/1/2-1/2 (60)}) 14... Ne3 15. Kd2 Nxf1+ 16. Rxf1 Rxa2
17. Kc2 d6 18. e4 (18. e3 Bd7 19. Nge2 Ke7 20. Ra1 Rha8 21. Rxa2 Rxa2 22. Rg1
g6 23. h4 b5 24. Kb1 Ra8 25. b4 Bb6 26. Rg5 h6 27. Rg2 {1-0 Berkes,F-Sevo,I/
Paks 1998/EXT 99 (53)}) 18... Be6 19. Nge2 Ke7 20. Ra1 Rha8 21. Rxa2 Rxa2 22.
Rd1 g6 23. h4 Ra8 24. h5 Bc4 25. Nc1 {1/2-1/2 Wells,P-Shaked,T/London 1997/CBM
62 (25)}) 13... Nd5 14. e4 $1 {[%mdl 52]} fxe3 15. Bc4 Nc7 16. Nf4 O-O (16...
Bxd4 17. cxd4 O-O 18. Ke2 Re8 19. Rhc1 $16) 17. O-O-O b5 18. Nxb5 Nxb5 19. Bxb5
Rxa2 20. Kb1 Ra7 (20... Ra8 21. Bxd7 Rd8 22. Bxc8 Raxc8 23. Kc2 $14) 21. Bxd7
b5 22. Bxc8 Rxc8 23. Rd5 {White has a clear plus.Blacks pawns e3 and b5 is
weak ,and white pieces control important squares in the centre.} Rb7 24. Rhd1
g6 25. Rd8+ Rxd8 26. Rxd8+ Kg7 27. Rd5 Ba7 28. Kc2 Kf6 29. Kd3 g5 30. Ne2 h6
31. Nd4 b4 32. c4 Bb8 (32... Re7 33. Ke2 $16) 33. g3 {White has a technically
winning position.Pawn in e3 is fall and black's position is hopeless.} Re7 34.
Ke2 Rc7 35. Rd6+ Ke5 36. Rd5+ Kf6 37. b3 Ra7 38. Nc6 Ra2+ 39. Kxe3 Bc7 40. Rd2
Bb6+ 41. Ke2 Ra3 42. Nxb4 Bg1 (42... Rxb3 43. Rd6+ $18) 43. Kf1 Bc5 44. Nd5+
Ke5 45. b4 Bf8 46. Re2+ Kf5 47. Kg2 Rd3 48. h4 Rd4 49. h5 g4 50. f4 1-0